| 000 | 00341 a2200133 4500 | ||
|---|---|---|---|
| 001 | 91478 | ||
| 082 | _aPR 1442 | ||
| 090 |
_c43613 _d43612 |
||
| 100 | _aUsman Ali; Prof Asad Ikram (Advisor) | ||
| 245 |
_a Terrain Collision Avoidance System _n59 "B" EC |
||
| 260 |
_aRawalpindi _bNUST _c2004 |
||
| 300 | _a36p | ||
| 500 | _aBE Project Reports | ||
| 942 |
_aCAE NUST _kPR 1442 |
||
| 999 |
_c326551 _d326551 |
||